| 000 | 00375nam a22001697a 4500 | ||
|---|---|---|---|
| 003 | NUST | ||
| 020 | _a9788121931007 | ||
| 038 | _akhadija | ||
| 082 |
_a620 _bKHU |
||
| 100 |
_aKhurmi, R.S. _924542 |
||
| 245 | _aEngineering Mechanics | ||
| 260 |
_aNew Delhi : _bS. Chand, _c2016. |
||
| 300 |
_a509 p. ; _b24 cm. |
||
| 500 | _aPaperback. | ||
| 563 | _aPB | ||
| 942 |
_cBK _2ddc |
||
| 999 |
_c34059 _d34059 |
||